| 000 | 00472 a2200181 4500 | ||
|---|---|---|---|
| 999 |
_c12284 _d12284 |
||
| 003 | OSt | ||
| 005 | 20231117151201.0 | ||
| 008 | 231117b ||||| |||| 00| 0 eng d | ||
| 020 | _a9783955532383 | ||
| 040 | _aBMSCA | ||
| 041 | _aeng. | ||
| 082 |
_223 _a720.47 _bKho |
||
| 100 | _aSebastian El khouli ; Viola John; Martin Zeumer | ||
| 245 | _aSUSTAINABLE CONSTRUCTION TECHNIQUES-DETAIL EDITION | ||
| 260 |
_bEdition Detail; _c2015 |
||
| 300 | _a151,p.: | ||
| 942 | _2ddc | ||